Catálogo
 En Linea

Propuesta programática Trienio 2002-2005 Roberto Reina / (Registro nro. 44425)

Detalles MARC
000 -CABECERA
campo de control de longitud fija 00525nam a2200145 a 4500
001 - NÚMERO DE CONTROL
campo de control 000044936
005 - FECHA Y HORA DE LA ÚLTIMA TRANSACCIÓN
campo de control 20201002045738.0
008 - DATOS DE LONGITUD FIJA--INFORMACIÓN GENERAL
campo de control de longitud fija 150120s2002 dr c 000 0 spa d
040 ## - FUENTE DE LA CATALOGACIÓN
Centro catalogador/agencia de origen DO-SdBNP
Lengua de catalogación spa
Centro/agencia transcriptor BNPHU
245 00 - MENCIÓN DE TÍTULO
Título Propuesta programática Trienio 2002-2005 Roberto Reina /
Mención de responsabilidad, etc. Roberto Reyna; edición Julio Alberto Melo Mercado.
260 ## - PUBLICACIÓN, DISTRIBUCIÓN, ETC.
Lugar de publicación, distribución, etc. Santo Domingo :
Nombre del editor, distribuidor, etc. Alianza Académico,
Fecha de publicación, distribución, etc. 2002.
300 ## - DESCRIPCIÓN FÍSICA
Extensión 132 p. :
Otras características físicas il., retrs. ;
Dimensiones 32 cm.
700 12 - PUNTO DE ACCESO ADICIONAL--NOMBRE DE PERSONA
Nombre de persona Melo Mercado, Julio Alberto
Término indicativo de función/relación ed.
9 (RLIN) 72952
700 12 - PUNTO DE ACCESO ADICIONAL--NOMBRE DE PERSONA
Nombre de persona Reyna, Roberto
9 (RLIN) 72953
Existencias
Estado de retiro Estado de pérdida No para préstamo Código de colección Localización permanente Ubicación/localización actual Ubicación en estantería Fecha de adquisición Número de inventario Total de préstamos Signatura topográfica completa Código de barras Fecha visto por última vez Precio válido a partir de Tipo de ítem Koha
      Patrimonio Dominicano Patrimonio Dominicano Patrimonio Dominicano Orden iniciada 20.01.2015 LF1   44936-10 25.06.2020 25.06.2020 Libro y Folleto Colección Patrimonio Dominicano

Con tecnología Koha